000 00300nam a2200109Ia 4500
008 190906s9999||||xx |||||||||||||| ||und||
100 _aAitken, Syme
245 0 _aSAMS Teach Yourself Visual Basic. NET Web Programming in 21 Days
260 _aUK
_bPrentice Hall Inc.
_c2002
300 _a523
942 _cBK
999 _c6196
_d6196